00566nam a2200157 a 450000100100000000500170001000800410002704000250006808200120009324500470010526000620015230000350021465000540024965100780030370000270038100003179920240409073643.0110706t194u dr ac 000 0 spa d aDO-SdBNPbspacBNPHU aF-RD 6100aTrujillo perdona /cFélix W. Bernardino. a[Ciudad Trujillo, República Dominicana :bs.n.,c194?]. a62 p. :bil., retrs. ;c21 cm. 4aPersecuciones políticasxRepública dominicana 4aRepública DominicanaxPolítica Y GobiernoyERA DE TRUJILLO, 1930-19611 aBernardino, Félix W.